Satunnaisia jääkiekkoseuroja - tunnista logo - Statistics

Yleistilastot
  • Tätä visaa on pelattu 187 kertaa
    76 viimeisimmän päivityksen jälkeen
  • Keskiarvotulos 9 / 12
Vastaustilastot
Kuvavisa Vastaus % Oikein
Ässät
100%
Jokerit
100%
JYP
100%
Kiekko-Espoo
100%
KooKoo
100%
Pelicans
100%
Tampereen Ilves
100%
Turun Palloseura
100%
Hämeenlinnan Pallokerho
95%
SaiPa
95%
Mikkelin Jukurit
94%
Oulun Kärpät
94%
Vaasan Sport
94%
Rauman Lukko
93%
Iisalmen Peli-Karhut
92%
Tappara
92%
KalPa
90%
Imatran Ketterä
89%
KeuPa HT
89%
Laser HT
86%
Rovaniemen Kiekko
86%
Helsingin IFK
83%
Kiekko-Pojat
81%
Nokian Pyry
81%
Haukat
78%
Kiekko-Vantaa
75%
TUTO Hockey
74%
Kokkolan Hermes
69%
Savonlinnan Pallokerho
63%
Porvoo Hunters
56%
Kotkan Titaanit
53%
S-Kiekko
50%
JHT
47%
Forssan Palloseura
44%
Lempäälän Kisa
43%
Raahe-Kiekko
39%
Lapuan Virkiä
36%
Alavuden Peli-Veikot
35%
Team Kuortane
29%
PEPO Hockey
27%
Muik Hockey
20%
Liikunnan Riemu
13%
Ehtoja vastaavia visoja ei löytynyt
Tulosjakauma
Jokaisen tuloksen saaneiden osuus
Persentiili vastausten määrän mukaan
Tuloshistoriasi
Et ole pelannut tätä visaa sen viimeisimmän päivityksen jälkeen